[Event "3rd Sat Djenovici Feb IM"]
[Site "Djenovici MNE"]
[Date "2018.02.17"]
[Round "1.2"]
[White "Radovic, Stefan"]
[Black "Pecurica, Milos"]
[Result "0-1"]
[BlackTitle "FM"]
[WhiteElo "2084"]
[BlackElo "2334"]
[WhiteFideId "1706802"]
[BlackFideId "944963"]
[EventDate "2018.02.17"]

1. d4 Nf6 2. Nf3 d5 3. c4 c6 4. Nc3 e6 5. cxd5 exd5 6. Bg5 Be7 7. Qc2 g6 8. e3
Bf5 9. Bd3 Bxd3 10. Qxd3 Nbd7 11. O-O O-O 12. h3 Re8 13. Bf4 Nf8 14. Rab1 a5 15.
a3 Ne6 16. Bh2 Ng7 17. b4 axb4 18. axb4 Ra3 19. Rfc1 Nf5 20. Qc2 Nd6 21. Ne5
Nfe4 22. Qb2 Rxc3 23. Rxc3 Nxc3 24. Qxc3 Qb6 25. Nd7 Ne4 26. Qd3 Qd8 27. Nc5 Bd6
28. Bxd6 Nxd6 29. Ra1 Qe7 30. Ra7 Rb8 31. Ra1 b6 32. Nb3 Nc4 33. Qc3 Qb7 34. e4
Ra8 35. Rxa8+ Qxa8 36. exd5 cxd5 37. Nd2 Qa3 38. Nb3 Kg7 39. g3 h5 40. h4 Nd6
41. Qe3 Kh7 42. Qf3 Qxb4 43. Qxd5 Kg8 44. Kg2 Nf5 45. Qd8+ Kg7 46. Qd5 b5 47.
Qe5+ Kh7 48. Qd5 Kg8 49. Qd8+ Kg7 50. Nc5 Qxd4 51. Nd7 Qd6 52. Qc8 b4 53. Nc5 b3
54. Ne4 Qd5 55. f3 b2 56. Qb8 Ne3+ 57. Kh3 Nc4 58. Qb3 Qd4 59. Qb4 Qd3 60. Nc3
Nd2 61. Qxb2 Qf1+ 0-1

[Event "3rd Sat Djenovici Feb IM"]
[Site "Djenovici MNE"]
[Date "2018.02.17"]
[Round "1.3"]
[White "Popadic, Dragan"]
[Black "Sredojevic, Ivan"]
[Result "1/2-1/2"]
[WhiteTitle "FM"]
[BlackTitle "IM"]
[WhiteElo "2171"]
[BlackElo "2351"]
[WhiteFideId "913650"]
[BlackFideId "929310"]
[EventDate "2018.02.17"]

1. e4 c5 2. Nc3 e6 3. d3 Nc6 4. g4 g6 5. Bg2 Bg7 6. Nh3 Nge7 7. O-O h5 8. g5 e5
9. f4 d6 10. f5 gxf5 11. exf5 Bxf5 12. Ne4 Bg4 13. Qe1 Nd4 14. c3 Ne2+ 15. Kh1
Nxc1 16. Rxc1 Qd7 17. Ng1 Ng6 18. d4 cxd4 19. cxd4 O-O 20. dxe5 dxe5 21. h3 Be6
22. Qe2 Nf4 23. Rxf4 exf4 24. Qxh5 Qe7 1/2-1/2

[Event "3rd Sat Djenovici Feb IM"]
[Site "Djenovici MNE"]
[Date "2018.02.17"]
[Round "1.4"]
[White "Radlovacki, Jovan"]
[Black "Mikavica, Mirko"]
[Result "0-1"]
[WhiteTitle "IM"]
[WhiteElo "2307"]
[BlackElo "2154"]
[WhiteFideId "907430"]
[BlackFideId "908657"]
[EventDate "2018.02.17"]

1. e4 d6 2. d4 Nf6 3. Nc3 Nbd7 4. f3 e5 5. Be3 Be7 6. Qd2 c6 7. a4 a5 8. Nge2
Qc7 9. Ng3 Nb6 10. Bd3 Be6 11. b3 O-O 12. O-O exd4 13. Bxd4 d5 14. exd5 Nbxd5
15. Nxd5 Nxd5 16. c4 Nf4 17. Be4 Rfd8 18. Qb2 Rxd4 19. Qxd4 Bf6 20. Qc5 Bxa1 21.
Rxa1 Rd8 22. Qf2 Bh3 23. Nh5 Nxh5 24. gxh3 Nf4 25. Kh1 g6 26. h4 Qd6 27. Rf1 Qd2
28. Qg3 Qe2 29. Rg1 Nd3 30. Bxd3 Rxd3 31. Re1 Qxf3+ 0-1

[Event "3rd Sat Djenovici Feb IM"]
[Site "Djenovici MNE"]
[Date "2018.02.17"]
[Round "1.5"]
[White "Farkas, Tibor"]
[Black "Lundin, Jan"]
[Result "1/2-1/2"]
[WhiteTitle "IM"]
[BlackTitle "FM"]
[WhiteElo "2317"]
[BlackElo "2270"]
[WhiteFideId "933333"]
[BlackFideId "1706896"]
[EventDate "2018.02.17"]

1. e4 e5 2. Nf3 Nc6 3. Bb5 a6 4. Ba4 Nf6 5. d4 exd4 6. O-O Be7 7. e5 Ne4 8. Nxd4
Nc5 9. Bxc6 dxc6 10. Nc3 O-O 11. Re1 f5 12. f4 Ne6 13. Be3 Bb4 14. Qd3 c5 15.
Nxe6 Qxd3 16. cxd3 Bxe6 17. a3 Bxc3 18. bxc3 b6 19. Kf2 Kf7 20. Rg1 Rfd8 21. Ke2
Rd5 22. c4 Rdd8 23. h3 Ke7 24. Rac1 Kd7 25. Rc3 Kc6 26. g3 Rd7 27. Rd1 Rad8 28.
Rd2 Bf7 29. Kf2 Bh5 30. Kg2 Re8 31. Kf2 Bf7 32. Kf3 Be6 33. Kf2 Rb8 34. Rdc2 h6
35. Ke2 Rg8 36. h4 Rdd8 37. Kf2 Kd7 38. Ke1 Ke7 39. Rh2 Rd7 40. Kd2 Rgd8 41. Kc2
Kf7 42. Rh1 Kg6 43. h5+ Kf7 44. Rh2 Ke7 45. Rh3 Bf7 46. Rh2 Ke6 47. Rh1 Be8 48.
Kd2 Re7 49. Ke2 Ba4 50. Rh2 Red7 51. Rh1 Bc6 52. Rg1 b5 53. cxb5 Bxb5 54. Bxc5
Rxd3 55. Rxd3 Rxd3 56. Kf2 Rc3 57. Bb4 Rc2+ 58. Ke3 c5 59. Ba5 Ra2 60. Bb6 Rxa3+
61. Kf2 Ra2+ 62. Ke3 Re2+ 63. Kf3 Rc2 64. Ke3 Rc3+ 65. Kf2 c4 66. Rd1 Rd3 67.
Rxd3 cxd3 68. Ke3 Kd5 69. Ba5 Kc4 70. e6 Be8 71. Kd2 Bxh5 72. Bc3 g5 73. Bg7
gxf4 74. gxf4 a5 75. Bxh6 Kd4 76. Bg7+ Ke4 77. Be5 Be8 78. e7 Bb5 79. Bc7 a4 80.
Bd6 Kd4 81. Ba3 Kc4 82. Bd6 Kb3 83. e8=Q Bxe8 84. Kxd3 Bc6 85. Be5 Ka2 86. Kc3
Be4 87. Kb4 a3 88. Bf6 Bd3 89. Be5 Be4 1/2-1/2

[Event "3rd Sat Djenovici Feb IM"]
[Site "Djenovici MNE"]
[Date "2018.02.18"]
[Round "2.1"]
[White "Kecskemeti, Arpad"]
[Black "Lundin, Jan"]
[Result "1/2-1/2"]
[WhiteTitle "FM"]
[BlackTitle "FM"]
[WhiteElo "2284"]
[BlackElo "2270"]
[WhiteFideId "925322"]
[BlackFideId "1706896"]
[EventDate "2018.02.17"]

1. e4 c5 2. Nf3 e6 3. d4 cxd4 4. Nxd4 Nf6 5. Bd3 d6 6. c4 Be7 7. Nc3 O-O 8. Be3
Nc6 9. O-O Bd7 10. Rc1 Rc8 11. b3 Qa5 12. h3 Rfe8 13. Qd2 a6 14. Nce2 Qxd2 15.
Bxd2 d5 16. exd5 exd5 17. Nxc6 Bxc6 18. c5 Bb5 19. Bxb5 axb5 20. Nc3 Bxc5 21.
Nxb5 Ne4 22. Be3 Bxe3 23. fxe3 Ng3 24. Rxc8 Rxc8 25. Rd1 h5 26. Rxd5 Rc1+ 27.
Kf2 h4 28. Kf3 f5 29. Kf4 Rc2 30. Kg5 Rxg2 31. Kxh4 Ne4 32. Rxf5 g5+ 33. Kh5 Kg7
34. Nd6 Nf6+ 35. Rxf6 Kxf6 36. Nxb7 Rg3 37. e4 Rxh3+ 38. Kg4 Rh4+ 39. Kf3 Ke5
40. Nc5 Rf4+ 41. Ke3 Rf1 42. Nd3+ Ke6 43. b4 g4 44. Ke2 Rf7 45. Ne1 Ra7 46. Ke3
Rxa2 47. Kf4 Ra1 48. Nd3 Rg1 49. Nc5+ Ke7 50. e5 g3 51. Kf3 Kf7 52. Kg4 1/2-1/2

[Event "3rd Sat Djenovici Feb IM"]
[Site "Djenovici MNE"]
[Date "2018.02.18"]
[Round "2.2"]
[White "Mikavica, Mirko"]
[Black "Farkas, Tibor"]
[Result "0-1"]
[BlackTitle "IM"]
[WhiteElo "2154"]
[BlackElo "2317"]
[WhiteFideId "908657"]
[BlackFideId "933333"]
[EventDate "2018.02.17"]

1. d4 Nf6 2. c4 g6 3. Nc3 d5 4. e3 Bg7 5. Nf3 O-O 6. Bd3 c5 7. O-O cxd4 8. exd4
Nc6 9. h3 dxc4 10. Bxc4 Na5 11. Bd3 Be6 12. b3 Rc8 13. Bb2 Nd5 14. Nxd5 Bxd5 15.
Ne5 Nc6 16. Re1 e6 17. Qd2 Qh4 18. Bb5 Rfd8 19. Bxc6 Bxc6 20. Qe2 Bd5 21. Rad1
Rc7 22. Rc1 Rdc8 23. Rxc7 Rxc7 24. Qd3 Qg5 25. Ng4 Bc6 26. Qg3 Rc8 27. Rc1 Rd8
28. Ne5 Qxg3 29. fxg3 Bxe5 30. dxe5 Rd2 31. Ba3 Rxg2+ 32. Kf1 Rxg3 33. Rd1 Bd5
34. Rc1 Kg7 35. Rc8 g5 36. Be7 Kg6 37. Kf2 Rg2+ 38. Ke3 Kf5 39. Bd6 Rg3+ 40. Kd4
Rxh3 41. Rf8 h5 42. Rxf7+ Kg4 43. Bc5 Rf3 44. Rd7 h4 45. Rxd5 Rf4+ 0-1

[Event "3rd Sat Djenovici Feb IM"]
[Site "Djenovici MNE"]
[Date "2018.02.18"]
[Round "2.3"]
[White "Sredojevic, Ivan"]
[Black "Radlovacki, Jovan"]
[Result "1/2-1/2"]
[WhiteTitle "IM"]
[BlackTitle "IM"]
[WhiteElo "2351"]
[BlackElo "2307"]
[WhiteFideId "929310"]
[BlackFideId "907430"]
[EventDate "2018.02.17"]

1. d4 Nf6 2. c4 d6 3. Nc3 Nbd7 4. e4 e5 5. Nf3 Be7 6. Be2 O-O 7. O-O c6 8. Qc2
a6 9. Be3 Re8 10. dxe5 dxe5 11. a3 Bc5 12. Bxc5 Nxc5 13. Rad1 Qc7 14. h3 Bd7 15.
b4 Ne6 16. Rfe1 Rad8 17. Rd2 Bc8 18. Red1 Rxd2 1/2-1/2

[Event "3rd Sat Djenovici Feb IM"]
[Site "Djenovici MNE"]
[Date "2018.02.18"]
[Round "2.4"]
[White "Pecurica, Milos"]
[Black "Popadic, Dragan"]
[Result "1/2-1/2"]
[WhiteTitle "FM"]
[BlackTitle "FM"]
[WhiteElo "2334"]
[BlackElo "2171"]
[WhiteFideId "944963"]
[BlackFideId "913650"]
[EventDate "2018.02.17"]

1. d4 Nf6 2. c4 g6 3. f3 d6 4. e4 Bg7 5. Be3 O-O 6. Ne2 c5 7. Qd2 Nc6 8. d5 Ne5
9. Nec3 e6 10. Be2 exd5 11. cxd5 a6 12. a4 Bd7 13. O-O Ne8 14. h3 f5 15. exf5
gxf5 16. Na3 Nf6 17. f4 Nf7 18. Nc4 b6 1/2-1/2

[Event "3rd Sat Djenovici Feb IM"]
[Site "Djenovici MNE"]
[Date "2018.02.18"]
[Round "2.5"]
[White "Kumar, Nikhil"]
[Black "Radovic, Stefan"]
[Result "1-0"]
[WhiteTitle "FM"]
[WhiteElo "2258"]
[BlackElo "2084"]
[WhiteFideId "30909040"]
[BlackFideId "1706802"]
[EventDate "2018.02.17"]

1. d4 Nf6 2. c4 g6 3. Nc3 d5 4. cxd5 Nxd5 5. e4 Nxc3 6. bxc3 Bg7 7. Qa4+ Nd7 8.
Nf3 O-O 9. Be2 c5 10. O-O e5 11. Rd1 Qc7 12. Bg5 f6 13. Be3 Kh8 14. Nd2 b6 15.
Bb5 Rd8 16. Nb3 Bb7 17. dxc5 Nxc5 18. Rxd8+ Rxd8 19. Nxc5 bxc5 20. Qxa7 Bf8 21.
Ba6 Rd7 22. Qxb7 Qxb7 23. Bxb7 Rxb7 24. a4 Kg7 25. Kf1 Kf7 26. Ke2 Ke6 27. Kd3
Kd6 28. Kc4 Kc6 29. a5 Ra7 30. a6 h5 31. Ra5 Kb6 32. Rxc5 Kxa6 33. Rc8 1-0

[Event "3rd Sat Djenovici Feb IM"]
[Site "Djenovici MNE"]
[Date "2018.02.19"]
[Round "3.1"]
[White "Radovic, Stefan"]
[Black "Kecskemeti, Arpad"]
[Result "0-1"]
[BlackTitle "FM"]
[WhiteElo "2084"]
[BlackElo "2284"]
[WhiteFideId "1706802"]
[BlackFideId "925322"]
[EventDate "2018.02.17"]

1. Nf3 Nf6 2. c4 g6 3. g3 Bg7 4. Bg2 O-O 5. Nc3 d6 6. O-O e5 7. d3 Nc6 8. Bg5 h6
9. Bxf6 Bxf6 10. Rb1 a5 11. a3 Bg7 12. b4 axb4 13. axb4 f5 14. b5 Ne7 15. Nd5 g5
16. Nxe7+ Qxe7 17. Nd2 Ra2 18. e3 f4 19. c5 Be6 20. cxd6 cxd6 21. Ne4 d5 22. Nc3
Ra3 23. Nxd5 Qf7 24. Qc1 f3 25. Qxa3 fxg2 26. Ne7+ Kh7 27. Kxg2 Qf3+ 0-1

[Event "3rd Sat Djenovici Feb IM"]
[Site "Djenovici MNE"]
[Date "2018.02.19"]
[Round "3.2"]
[White "Popadic, Dragan"]
[Black "Kumar, Nikhil"]
[Result "1/2-1/2"]
[WhiteTitle "FM"]
[BlackTitle "FM"]
[WhiteElo "2171"]
[BlackElo "2258"]
[WhiteFideId "913650"]
[BlackFideId "30909040"]
[EventDate "2018.02.17"]

1. e4 c6 2. d4 d5 3. Nd2 dxe4 4. Nxe4 Bf5 5. Ng3 Bg6 6. h4 h6 7. Nf3 e6 8. Ne5
Bh7 9. Bc4 Nf6 10. Qe2 Nd5 11. Bb3 Nd7 12. Bd2 Qc7 13. f4 Be7 14. O-O-O Nxe5 15.
dxe5 O-O-O 16. Ne4 f6 17. exf6 gxf6 18. g3 1/2-1/2

[Event "3rd Sat Djenovici Feb IM"]
[Site "Djenovici MNE"]
[Date "2018.02.19"]
[Round "3.3"]
[White "Radlovacki, Jovan"]
[Black "Pecurica, Milos"]
[Result "1/2-1/2"]
[WhiteTitle "IM"]
[BlackTitle "FM"]
[WhiteElo "2307"]
[BlackElo "2334"]
[WhiteFideId "907430"]
[BlackFideId "944963"]
[EventDate "2018.02.17"]

1. e4 e5 2. Nf3 Nc6 3. Bb5 a6 4. Ba4 Nf6 5. d3 d6 6. c3 g6 7. O-O Bg7 8. d4 Bd7
9. Re1 O-O 10. h3 h6 11. Nbd2 Re8 1/2-1/2

[Event "3rd Sat Djenovici Feb IM"]
[Site "Djenovici MNE"]
[Date "2018.02.19"]
[Round "3.4"]
[White "Farkas, Tibor"]
[Black "Sredojevic, Ivan"]
[Result "1/2-1/2"]
[WhiteTitle "IM"]
[BlackTitle "IM"]
[WhiteElo "2317"]
[BlackElo "2351"]
[WhiteFideId "933333"]
[BlackFideId "929310"]
[EventDate "2018.02.17"]

1. e4 e5 2. Nf3 Nc6 3. Bb5 a6 4. Ba4 Nf6 5. O-O Be7 6. Re1 b5 7. Bb3 d6 8. c3
O-O 9. h3 Na5 10. Bc2 c5 11. d4 Qc7 12. Nbd2 cxd4 13. cxd4 Nc6 14. Nb3 a5 15.
Be3 a4 16. Nbd2 exd4 17. Nxd4 Nxd4 18. Bxd4 Be6 19. a3 Rac8 1/2-1/2

[Event "3rd Sat Djenovici Feb IM"]
[Site "Djenovici MNE"]
[Date "2018.02.19"]
[Round "3.5"]
[White "Lundin, Jan"]
[Black "Mikavica, Mirko"]
[Result "1-0"]
[WhiteTitle "FM"]
[WhiteElo "2270"]
[BlackElo "2154"]
[WhiteFideId "1706896"]
[BlackFideId "908657"]
[EventDate "2018.02.17"]

1. e4 d6 2. Nc3 Nf6 3. f4 g6 4. Nf3 Bg7 5. g3 c6 6. Bg2 O-O 7. O-O b5 8. Qe1 a6
9. d3 e6 10. Nd1 d5 11. Nf2 Bb7 12. g4 Nfd7 13. Rb1 c5 14. Bd2 Re8 15. Bc3 d4
16. Bd2 Nc6 17. g5 c4 18. e5 Nc5 19. Qe2 cxd3 20. cxd3 Ne7 21. Ng4 Nf5 22. Nf6+
Bxf6 23. gxf6 Rc8 24. b3 Qb6 25. Rbc1 Rc7 26. Ng5 Bxg2 27. Kxg2 Rec8 28. Ne4 a5
29. Ng3 a4 30. Nxf5 exf5 31. bxa4 Nxa4 32. Rxc7 Rxc7 33. Qf3 Rc8 34. Rc1 Qe6 35.
Rxc8+ Qxc8 36. Qd5 h6 37. Qxb5 Qa8+ 38. Kf2 Nc3 39. Bxc3 dxc3 40. Qc4 Qh1 41.
Qxc3 Qxh2+ 42. Kf3 Qh1+ 43. Ke3 Qg1+ 44. Ke2 Qg2+ 45. Kd1 Qxa2 46. Qc8+ Kh7 47.
Qf8 Qb1+ 48. Kd2 Qb2+ 49. Ke3 Qc1+ 50. Kd4 Qa1+ 51. Kd5 Qa2+ 52. Kc6 Qa4+ 53.
Kb6 Qd4+ 54. Kc7 Qa7+ 55. Kd8 Qb6+ 56. Kd7 Qb7+ 57. Ke8 Qa8+ 58. Kxf7 Qd5+ 59.
e6 Qb7+ 60. Qe7 Qc8 61. Qe8 Qb7+ 62. Qd7 Qb8 63. Qe8 Qb7+ 64. Kf8 Kh8 65. Qd7
Qb8+ 66. Ke7 Qb4+ 67. Kf7 1-0

[Event "3rd Sat Djenovici Feb IM"]
[Site "Djenovici MNE"]
[Date "2018.02.20"]
[Round "4.2"]
[White "Sredojevic, Ivan"]
[Black "Lundin, Jan"]
[Result "1/2-1/2"]
[WhiteTitle "IM"]
[BlackTitle "FM"]
[WhiteElo "2351"]
[BlackElo "2270"]
[WhiteFideId "929310"]
[BlackFideId "1706896"]
[EventDate "2018.02.17"]

1. e4 c6 2. d4 d5 3. Nc3 dxe4 4. Nxe4 Bf5 5. Ng3 Bg6 6. h4 h6 7. Nf3 Nd7 8. h5
Bh7 9. Bd3 Bxd3 10. Qxd3 e6 11. Bf4 Qa5+ 12. Bd2 Bb4 13. c3 Be7 14. c4 Qc7 15.
O-O-O Ngf6 16. Kb1 Rd8 17. Qe2 O-O 18. Nf1 1/2-1/2

[Event "3rd Sat Djenovici Feb IM"]
[Site "Djenovici MNE"]
[Date "2018.02.20"]
[Round "4.3"]
[White "Pecurica, Milos"]
[Black "Farkas, Tibor"]
[Result "1/2-1/2"]
[WhiteTitle "FM"]
[BlackTitle "IM"]
[WhiteElo "2334"]
[BlackElo "2317"]
[WhiteFideId "944963"]
[BlackFideId "933333"]
[EventDate "2018.02.17"]

1. d4 Nf6 2. Nf3 g6 3. Nbd2 Bg7 4. e4 d6 5. Bd3 O-O 6. O-O Nc6 7. c3 e5 8. dxe5
Nxe5 9. Nxe5 dxe5 10. Nc4 Ne8 11. Be3 b6 12. a4 a5 13. b4 Nd6 14. Nxd6 Qxd6 15.
Bc4 Qe7 16. Bd5 Ra7 17. b5 Bb7 18. c4 Rd8 19. Qb3 Bxd5 20. cxd5 Bf8 21. Rfc1 Qh4
22. Rc4 Bd6 23. Rac1 Rd7 24. R1c3 Qe7 25. Qd1 Ra8 26. Qg4 h5 27. Qh3 Kg7 28. Bg5
f6 29. Bc1 Rf8 30. Rg3 Kh7 31. Rcc3 Qf7 32. Rcf3 Qe8 33. Qh4 Be7 34. Rh3 f5 35.
Bg5 Bxg5 36. Qxg5 fxe4 37. Rxf8 Qxf8 38. Qxe5 Qg7 39. Qxg7+ 1/2-1/2

[Event "3rd Sat Djenovici Feb IM"]
[Site "Djenovici MNE"]
[Date "2018.02.20"]
[Round "4.4"]
[White "Kumar, Nikhil"]
[Black "Radlovacki, Jovan"]
[Result "0-1"]
[WhiteTitle "FM"]
[BlackTitle "IM"]
[WhiteElo "2258"]
[BlackElo "2307"]
[WhiteFideId "30909040"]
[BlackFideId "907430"]
[EventDate "2018.02.17"]

1. d4 Nf6 2. c4 e6 3. Nf3 b6 4. g3 Bb4+ 5. Nbd2 Bb7 6. Bg2 O-O 7. O-O c5 8. e3
cxd4 9. exd4 d5 10. b3 Nc6 11. Bb2 dxc4 12. bxc4 Na5 13. Rc1 Rc8 14. Qa4 Bxd2
15. Nxd2 Bxg2 16. Kxg2 Nxc4 17. Nxc4 Qd5+ 18. Kg1 b5 19. Ne3 bxa4 20. Nxd5 Nxd5
21. Ba3 Nc3 22. Rfe1 Rfd8 23. Bc5 Nb5 24. Rc4 a3 25. Re3 a6 26. Ra4 Rc6 27. f4
h6 28. Kf2 g5 29. fxg5 hxg5 30. Be7 Rxd4 31. Rxd4 Nxd4 32. Rxa3 g4 33. Bf6 Nf3
34. Ra4 Nxh2 35. Ra5 Kh7 36. Rg5 Rc2+ 37. Ke3 Nf1+ 38. Kf4 Rf2+ 39. Ke5 Kh6 40.
Be7 Nxg3 41. Rxg4 Rf5+ 42. Kd6 Rf3 43. Bf8+ Kh5 44. Ra4 Nf5+ 45. Ke5 Kg5 46. Bc5
Rf1 47. Bb4 Rd1 48. a3 Rd3 49. Bc5 Rd5+ 0-1

[Event "3rd Sat Djenovici Feb IM"]
[Site "Djenovici MNE"]
[Date "2018.02.20"]
[Round "4.5"]
[White "Radovic, Stefan"]
[Black "Popadic, Dragan"]
[Result "0-1"]
[BlackTitle "FM"]
[WhiteElo "2084"]
[BlackElo "2171"]
[WhiteFideId "1706802"]
[BlackFideId "913650"]
[EventDate "2018.02.17"]

1. Nf3 Nf6 2. c4 g6 3. Nc3 Bg7 4. e4 d6 5. d4 O-O 6. Be2 e5 7. O-O Na6 8. Be3
Ng4 9. Bg5 Qe8 10. d5 f6 11. Bd2 f5 12. Ne1 Nf6 13. f3 Nh5 14. Nd3 Bd7 15. Rc1
Qe7 16. b4 Nf4 17. a3 Nxe2+ 18. Qxe2 f4 19. Qf2 h5 20. c5 g5 21. c6 bxc6 22.
dxc6 Be6 23. b5 Nc5 24. Nb4 Qf7 25. Ncd5 a5 26. bxa6 Nxa6 27. Rfd1 Nc5 28. Rxc5
dxc5 29. Qxc5 Rfe8 30. Bc1 Bf8 31. Qc3 Bd6 32. Kh1 Ra5 33. Nd3 Rb5 34. Nxe5 Qg7
35. Nd7 Bxd5 36. Qxg7+ Kxg7 37. exd5 Rxd5 38. Bb2+ Kf7 39. Rc1 Rd2 40. Bc3 Rd3
41. h3 Ree3 42. Bf6 Kg6 43. Ba1 Rxa3 44. Rd1 Re2 45. Rxd6+ cxd6 46. Bd4 Rc2 0-1

[Event "3rd Sat Djenovici Feb IM"]
[Site "Djenovici MNE"]
[Date "2018.02.21"]
[Round "5.1"]
[White "Popadic, Dragan"]
[Black "Kecskemeti, Arpad"]
[Result "1-0"]
[WhiteTitle "FM"]
[BlackTitle "FM"]
[WhiteElo "2171"]
[BlackElo "2284"]
[WhiteFideId "913650"]
[BlackFideId "925322"]
[EventDate "2018.02.17"]

1. e4 c5 2. Nc3 d6 3. f4 Nc6 4. Nf3 g6 5. Bc4 Bg7 6. d3 e6 7. O-O Nge7 8. Qe1 h6
9. Bb3 O-O 10. f5 gxf5 11. Qh4 fxe4 12. dxe4 Ng6 13. Qh5 Nd4 14. Bxh6 Nxf3+ 15.
Rxf3 Qh4 16. Qxh4 Nxh4 17. Rg3 Ng6 18. Bxg7 Kxg7 19. Rd1 Kf6 20. Rxd6 Ne5 21.
Nd5# 1-0

[Event "3rd Sat Djenovici Feb IM"]
[Site "Djenovici MNE"]
[Date "2018.02.21"]
[Round "5.2"]
[White "Radlovacki, Jovan"]
[Black "Radovic, Stefan"]
[Result "1-0"]
[WhiteTitle "IM"]
[WhiteElo "2307"]
[BlackElo "2084"]
[WhiteFideId "907430"]
[BlackFideId "1706802"]
[EventDate "2018.02.17"]

1. d4 Nf6 2. Nf3 d5 3. Bf4 c5 4. e3 Nc6 5. Nc3 Bg4 6. Qd2 Bxf3 7. gxf3 cxd4 8.
exd4 e6 9. Nd1 Bd6 10. Bg3 Nh5 11. c3 Qc7 12. Ne3 O-O-O 13. O-O-O Kb8 14. Kb1
Rc8 15. Ng2 Ne7 16. Bd3 Ng6 17. Qg5 Nf6 18. Rhe1 Ka8 19. Be5 Bxe5 20. dxe5 Nd7
21. f4 Nc5 22. Bc2 Rhd8 23. Ne3 Ne4 24. Bxe4 dxe4 25. Qg2 Qc6 26. Qg4 Rd3 27.
Nc2 Rcd8 28. Nd4 Rxd1+ 29. Rxd1 Qa4 30. Rd2 a6 31. h4 h5 32. Qxh5 Qc4 33. f5 Rh8
34. Qg5 exf5 35. h5 Nxe5 36. Qxf5 Qf1+ 37. Kc2 Nc4 38. Rd1 Qg2 39. Kb3 Na5+ 40.
Qxa5 Qxf2 1-0

[Event "3rd Sat Djenovici Feb IM"]
[Site "Djenovici MNE"]
[Date "2018.02.21"]
[Round "5.3"]
[White "Farkas, Tibor"]
[Black "Kumar, Nikhil"]
[Result "1-0"]
[WhiteTitle "IM"]
[BlackTitle "FM"]
[WhiteElo "2317"]
[BlackElo "2258"]
[WhiteFideId "933333"]
[BlackFideId "30909040"]
[EventDate "2018.02.17"]

1. e4 c6 2. d4 d5 3. e5 Bf5 4. h4 h5 5. Bd3 Bxd3 6. Qxd3 e6 7. Bg5 Be7 8. Nf3
Nh6 9. Nbd2 Nf5 10. c4 dxc4 11. Nxc4 Nd7 12. Ne3 Nxe3 13. Qxe3 Nb6 14. Bxe7 Qxe7
15. O-O O-O-O 16. a3 Nd5 17. Qd2 Kb8 18. Rac1 Qd7 19. Ng5 Rhf8 20. Nh7 Rfe8 21.
Ng5 f6 22. Nf3 Ne7 23. exf6 gxf6 24. Qf4+ Ka8 25. Qxf6 Rf8 26. Qe5 Rf5 27. Qe4
Rg8 28. Ng5 Ng6 29. g3 e5 30. dxe5 Rxe5 31. Qc4 Qg7 32. Rce1 Rge8 33. Nf3 Rxe1
34. Rxe1 Rf8 35. Qe2 a6 36. Ng5 Qd7 37. Qxh5 Qd4 38. Qe2 Rg8 39. Qe6 Rf8 40. Qe2
Rg8 41. Rd1 Qa4 42. b4 Ne7 43. Rd3 Nd5 44. Rf3 a5 45. bxa5 Qxa5 46. Qe6 Rd8 47.
Nf7 Nc7 48. Qe5 Rd1+ 49. Kh2 Qa6 50. Kh3 Nd5 51. Nd6 Rh1+ 52. Kg4 Qa4+ 53. Kg5
Qd1 54. Rf7 Qd2+ 55. Kg6 Qd3+ 56. Kg7 Rb1 57. h5 Qd2 58. Kh7 Rb3 59. h6 Nb6 60.
Rxb7 Qd3+ 61. Kg7 Nd7 62. Qa5+ 1-0

[Event "3rd Sat Djenovici Feb IM"]
[Site "Djenovici MNE"]
[Date "2018.02.21"]
[Round "5.4"]
[White "Lundin, Jan"]
[Black "Pecurica, Milos"]
[Result "1/2-1/2"]
[WhiteTitle "FM"]
[BlackTitle "FM"]
[WhiteElo "2270"]
[BlackElo "2334"]
[WhiteFideId "1706896"]
[BlackFideId "944963"]
[EventDate "2018.02.17"]

1. e4 c5 2. c3 Nf6 3. e5 Nd5 4. d4 cxd4 5. Qxd4 e6 6. Nf3 Nc6 7. Qe4 f5 8. Qe2
Qc7 9. g3 b5 10. Bg2 a5 11. O-O Ba6 12. Nh4 Nde7 13. Na3 b4 14. Nb5 Bxb5 15.
Qxb5 Rb8 16. Qc4 Qxe5 17. Bf4 Qb5 18. Qb3 e5 19. c4 Qc5 20. Be3 Qd6 21. Rad1 Qf6
22. Qd3 Rb7 23. Bxc6 Nxc6 24. Nxf5 g6 25. Nd6+ Bxd6 26. Qxd6 Qxd6 27. Rxd6 Rf8
28. b3 Rf7 29. Rfd1 Rb8 30. R1d5 Ra8 31. Bg5 a4 32. bxa4 Rf5 33. Be3 Rxa4 34.
Rxd7 Rxa2 35. Rxh7 b3 36. Rb5 b2 37. Rhb7 Na5 38. Rxb2 Rxb2 39. Rxb2 Nxc4 40.
Rb8+ Kf7 41. g4 Rf6 42. Bg5 Rc6 43. Rb7+ Ke6 44. h4 e4 45. Kg2 Rb6 46. Rxb6+
Nxb6 47. Kg3 Nd5 48. Bd2 Ke5 49. Bc1 Ke6 50. Bb2 e3 51. fxe3 Nxe3 52. Kf4 Nd5+
53. Kg5 Kf7 54. h5 gxh5 55. gxh5 Kg8 56. Bc1 Kh7 57. Ba3 Nf6 58. Kxf6 1/2-1/2

[Event "3rd Sat Djenovici Feb IM"]
[Site "Djenovici MNE"]
[Date "2018.02.21"]
[Round "5.5"]
[White "Mikavica, Mirko"]
[Black "Sredojevic, Ivan"]
[Result "1-0"]
[BlackTitle "IM"]
[WhiteElo "2154"]
[BlackElo "2351"]
[WhiteFideId "908657"]
[BlackFideId "929310"]
[EventDate "2018.02.17"]

1. d4 Nf6 2. c4 g6 3. Nc3 Bg7 4. e4 d6 5. Nf3 O-O 6. Be2 e5 7. O-O exd4 8. Nxd4
Re8 9. f3 c6 10. Kh1 Nh5 11. g4 Nf6 12. Bf4 h5 13. Nf5 gxf5 14. gxf5 Nbd7 15.
Bxd6 Ne5 16. Rg1 Kh7 17. Qd2 Qa5 18. Rxg7+ Kxg7 19. Qg5+ Ng6 20. c5 Qd8 21. fxg6
fxg6 22. Rg1 1-0

[Event "3rd Sat Djenovici Feb IM"]
[Site "Djenovici MNE"]
[Date "2018.02.22"]
[Round "6.1"]
[White "Kecskemeti, Arpad"]
[Black "Sredojevic, Ivan"]
[Result "1-0"]
[WhiteTitle "FM"]
[BlackTitle "IM"]
[WhiteElo "2284"]
[BlackElo "2351"]
[WhiteFideId "925322"]
[BlackFideId "929310"]
[EventDate "2018.02.17"]

1. e4 c5 2. Nf3 e6 3. Nc3 a6 4. d4 cxd4 5. Nxd4 d6 6. Be3 Nf6 7. h3 b5 8. a3 Bb7
9. Bd3 Nbd7 10. f4 Nc5 11. Qf3 e5 12. fxe5 dxe5 13. Nf5 Nxd3+ 14. cxd3 Qxd3 15.
Qg3 Nd7 16. Rd1 Qc4 17. Kf2 Qe6 18. Rd6 Qb3 19. Rxd7 Kxd7 20. Rd1+ Kc8 21. Qxe5
Qe6 22. Qd4 Be7 23. Nxb5 1-0